MARC

Tag First Indicator Second Indicator Subfields
LEADER 00000cam a22000003i 4500
001 in00002503549
005 20190327173449.0
006 m||||||||d||||||||
007 cr |n ---||a|a
008 010628s2002 nyu sb 001|0 eng d
010 |a  2001036442 
020 |a 0375421726 
035 |a (VaAlASP)ASPS00016332/bltc 
040 |a DLC  |c DLC  |d DLC  |d VaAlASP  |d UtOrBLW 
043 |a n-us--- 
050 0 0 |a E185.625  |b .K46 2002 
082 0 0 |a 305.896/073  |2 21 
100 1 |a Kennedy, Randall,  |d 1954- 
245 1 0 |a Nigger :  |b the strange career of a troublesome word /  |c Randall Kennedy. 
250 |a 1st ed. 
264 1 |a New York :  |b Pantheon Books,  |c [2002] 
264 4 |c ©2002 
300 |a 226 pages ;  |c 19 cm. 
336 |a text  |b txt  |2 rdacontent 
337 |a computer  |b c  |2 rdamedia 
338 |a online resource  |b cr  |2 rdacarrier 
504 |a Includes bibliographical references (pages 177-209) and index. 
533 |a Electronic reproduction.  |b Alexandria, VA :  |c Alexander Street Press,  |d 2006.  |f (Black thought and culture).  |n Available via World Wide Web. 
500 |a Electronic resource. 
650 0 |a African Americans  |x Social conditions. 
650 0 |a African Americans  |x Race identity. 
650 0 |a Racism in language. 
650 0 |a Racism  |z United States  |x Psychological aspects. 
650 0 |a English language  |z United States  |x Slang  |x Social aspects. 
650 0 |a English language  |z United States  |x Slang  |x Psychological aspects. 
650 0 |a Invective  |z United States  |x Psychological aspects. 
650 0 |a Invective  |z United States  |x History  |v Anecdotes. 
651 0 |a United States  |x Race relations  |x Psychological aspects. 
655 0 |a Electronic books. 
776 1 |c Original  |z 0375421726  |w (DLC) 2001036442 
830 0 |a Black thought and culture. 
856 4 0 |z Connect to the full text of this electronic book  |u http://proxy.library.tamu.edu/login?url=http://www.aspresolver.com/aspresolver.asp?BLTC;S16332  |t 0 
999 |a MARS 
999 f f |s 8ce86510-b7dd-3c50-83b2-efec264a1790  |i 4bd752db-b125-3b67-9bfc-e90ff8231d59  |t 0 
952 f f |a Texas A&M University  |b College Station  |c Electronic Resources  |d Available Online  |t 0  |e E185.625 .K46 2002  |h Library of Congress classification 
998 f f |a E185.625 .K46 2002  |t 0  |l Available Online